[Event "BCF-chT2 1718 (4NCL) Promotion pool"]
[Site "England"]
[Date "2018.03.18"]
[Round "8.25"]
[White "Longson, Sarah N"]
[Black "Bridge, Neil A"]
[Result "1-0"]
[WhiteElo "2192"]
[BlackElo "2064"]
[PlyCount "71"]
[EventDate "2017.11.11"]
[EventType "team-tourn"]
[EventRounds "11"]
[EventCountry "ENG"]
[SourceTitle "EXT 2020"]
[Source "ChessBase"]
[SourceDate "2019.10.17"]
[SourceVersion "1"]
[SourceVersionDate "2019.10.17"]
[SourceQuality "1"]
[WhiteTeam "Wood Green Monarchs"]
[BlackTeam "Guildford III"]
[WhiteTeamCountry "ENG"]
[BlackTeamCountry "ENG"]

1. e4 c5 2. Nf3 d6 3. d4 cxd4 4. Nxd4 Nf6 5. Nc3 a6 6. h3 e5 7. Nb3 Be6 8. Be3 Be7 9. Qf3 0-0 10. 0-0-0 Qc7 11. g4 Nc6 12. g5 Nd7 13. Kb1 a5 14. Nd5 Qd8 15. h4 a4 16. Nd2 a3 17. b3 Rc8 18. Nc4 Bxd5 19. exd5 Nb4 20. c3 b5 21. cxb4 bxc4 22. Bxc4 f5 23. gxf6 Nxf6 24. Rdg1 Rxc4 25. bxc4 Qc7 26. Rc1 Rb8 27. Bd2 Qa7 28. Qe3 Qd7 29. Ka1 Qf5 30. Qa7 Re8 31. Rhg1 Qd3 32. Qe3 Qf5 33. Qg5 Qxg5 34. hxg5 Ne4 35. Be3 g6 36. f3 1-0

[Event "GBR-ch 103rd"]
[Site "Bournemouth"]
[Date "2016.08.05"]
[Round "11"]
[White "Bridge, Neil A"]
[Black "Rudd, Jack"]
[Result "1/2-1/2"]
[WhiteElo "2044"]
[BlackElo "2213"]
[PlyCount "99"]
[EventDate "2016.07.25"]
[EventType "swiss"]
[EventRounds "11"]
[EventCountry "ENG"]
[SourceTitle "CBM 173 Extra"]
[Source "ChessBase"]
[SourceDate "2016.08.29"]
[SourceVersion "1"]
[SourceVersionDate "2016.08.29"]
[SourceQuality "1"]

1. d4 Nf6 2. c4 e6 3. Nc3 c5 4. d5 exd5 5. cxd5 d6 6. e4 g6 7. h3 Bg7 8. Bd3 0-0 9. Bg5 h6 10. Be3 Nbd7 11. Nf3 a6 12. a4 b6 13. 0-0 g5 14. Qd2 g4 15. hxg4 Nxg4 16. Bf4 Ndf6 17. g3 Nh5 18. Kg2 Nxf4+ 19. Qxf4 Qf6 20. Qd2 Ne5 21. Nxe5 Qxe5 22. f4 Qd4 23. Ne2 Qf6 24. Rac1 Bd7 25. b3 b5 26. a5 Rfc8 27. Rf2 Rab8 28. Qe3 Qb2 29. e5 dxe5 30. Rb1 Qa2 31. fxe5 c4 32. Nd4 Qxa5 33. Bf5 Bxf5 34. Nxf5 Qd8 35. d6 cxb3 36. Ne7+ Kh8 37. Rh1 Qf8 38. Rf6 Rc2+ 39. Kf3 Kh7 40. Qe4+ Kh8 41. Qe3 Kh7 42. Qg5 Rc3+ 43. Kf2 Rc2+ 44. Ke3 Rc3+ 45. Kd2 Rc2+ 46. Kd1 Rbc8 47. Qf5+ Kh8 48. Rfxh6+ Bxh6 49. Qf6+ Kh7 50. Qf5+ 1/2-1/2

[Event "GBR-ch 103rd"]
[Site "Bournemouth"]
[Date "2016.08.01"]
[Round "7"]
[White "Asenov, Pavel"]
[Black "Bridge, Neil A"]
[Result "1/2-1/2"]
[WhiteElo "2250"]
[BlackElo "2044"]
[PlyCount "61"]
[EventDate "2016.07.25"]
[EventType "swiss"]
[EventRounds "11"]
[EventCountry "ENG"]
[SourceTitle "CBM 173 Extra"]
[Source "ChessBase"]
[SourceDate "2016.08.29"]
[SourceVersion "1"]
[SourceVersionDate "2016.08.29"]
[SourceQuality "1"]

1. Nf3 c5 2. c4 Nc6 3. d4 cxd4 4. Nxd4 Qb6 5. Nb3 e6 6. a3 Nf6 7. Nc3 Be7 8. e4 0-0 9. Be3 Qc7 10. Be2 Rd8 11. Rc1 d5 12. cxd5 exd5 13. exd5 Qe5 14. Bf3 Be6 15. 0-0 Nxd5 16. Nxd5 Bxd5 17. Bxd5 Rxd5 18. Qc2 Bd6 19. g3 Qe6 20. Rfd1 Ne5 21. Nd4 Qg4 22. Qf5 Rd8 23. h3 Qg6 24. Qxg6 Nxg6 25. Nf3 Rxd1+ 26. Rxd1 b6 27. Kf1 Kf8 28. Ke2 Ke8 29. Ng5 h6 30. Ne4 Be5 31. Rxd8+ 1/2-1/2

[Event "Birmingham 4NCL op-A 3rd"]
[Site "Birmingham"]
[Date "2015.07.18"]
[Round "3"]
[White "Saravanan, Karthik"]
[Black "Bridge, Neil A"]
[Result "0-1"]
[WhiteElo "1532"]
[BlackElo "2029"]
[PlyCount "58"]
[EventDate "2015.07.17"]
[EventType "swiss"]
[EventRounds "5"]
[EventCountry "ENG"]
[SourceTitle "CBM 167 Extra"]
[Source "ChessBase"]
[SourceDate "2015.09.14"]
[SourceVersion "1"]
[SourceVersionDate "2015.09.14"]
[SourceQuality "1"]

1. e4 c5 2. Nf3 d6 3. d4 cxd4 4. Nxd4 Nf6 5. Nc3 a6 6. Bc4 e6 7. Bb3 b5 8. 0-0 Be7 9. a3 0-0 10. Qf3 Qb6 11. Be3 Qb7 12. Rad1 Nc6 13. Bg5 Ne5 14. Qe2 Bd7 15. f4 Nc4 16. e5 dxe5 17. fxe5 Nd5 18. Nxd5 Bxg5 19. Nf3 Bd8 20. Nf4 Bb6+ 21. Kh1 Ne3 22. Qd3 Bc6 23. Rd2 Rad8 24. Qe2 Rxd2 25. Nxd2 Nxf1 26. Nh5 Bxg2+ 27. Qxg2 Qxg2+ 28. Kxg2 Nxd2 29. Nf4 Nxb3 0-1

[Event "Sunningdale e2e4 op"]
[Site "Ascot"]
[Date "2013.05.27"]
[Round "7"]
[White "Kisteneva, Elizaveta"]
[Black "Bridge, Neil A"]
[Result "0-1"]
[WhiteElo "2053"]
[BlackElo "2075"]
[PlyCount "94"]
[EventDate "2013.05.24"]
[EventType "swiss"]
[EventRounds "7"]
[EventCountry "ENG"]
[SourceTitle "CBM 154 Extra"]
[Source "ChessBase"]
[SourceDate "2013.06.25"]
[SourceVersion "2"]
[SourceVersionDate "2013.06.25"]
[SourceQuality "1"]

1. d4 Nf6 2. c4 e6 3. Nf3 b6 4. e3 Bb7 5. Bd3 d5 6. 0-0 Bd6 7. Nc3 0-0 8. b3 Nbd7 9. Bb2 a6 10. Qe2 Ne4 11. Rfd1 f5 12. Nd2 Rf6 13. Nf1 Rh6 14. f3 Bxh2+ 15. Nxh2 Qh4 16. fxe4 Qxh2+ 17. Kf1 fxe4 18. Bxe4 dxe4 19. Ke1 Rg6 20. g4 Qh4+ 21. Kd2 Rf8 22. Rf1 Rxf1 23. Rxf1 Qxg4 24. Ba3 h5 25. Rh1 Nf6 26. Be7 Qf3 27. Rh2 h4 28. Rf2 Qg3 29. Qf1 Kf7 30. Ne2 Qg5 31. Bb4 a5 32. Bc3 Kg8 33. Nf4 Ng4 34. Rg2 Rf6 35. d5 e5 36. Qg1 Rxf4 37. exf4 Qxf4+ 38. Ke2 Qf3+ 39. Kd2 Qd3+ 40. Kc1 Qxc3+ 41. Kb1 Bc8 42. Rxg4 Bxg4 43. Qxg4 Qd3+ 44. Kb2 Qd4+ 45. Ka3 Qc5+ 46. Kb2 Qf2+ 47. Kc3 Qf3+ 0-1

[Event "Sunningdale e2e4 op"]
[Site "Ascot"]
[Date "2013.05.26"]
[Round "4"]
[White "Bridge, Neil A"]
[Black "Bucher, Grant"]
[Result "1-0"]
[WhiteElo "2075"]
[BlackElo "2039"]
[PlyCount "67"]
[EventDate "2013.05.24"]
[EventType "swiss"]
[EventRounds "7"]
[EventCountry "ENG"]
[SourceTitle "CBM 154 Extra"]
[Source "ChessBase"]
[SourceDate "2013.06.25"]
[SourceVersion "2"]
[SourceVersionDate "2013.06.25"]
[SourceQuality "1"]

1. d4 Nf6 2. c4 g6 3. Nc3 d5 4. cxd5 Nxd5 5. e4 Nxc3 6. bxc3 Bg7 7. Nf3 c5 8. Rb1 0-0 9. Be2 Qa5 10. 0-0 Qxc3 11. Bd2 Qa3 12. Qc2 Bd7 13. Rxb7 cxd4 14. Bb4 Qa4 15. Qxa4 Bxa4 16. Bxe7 Re8 17. Bc4 Nd7 18. Bd6 Bc6 19. Rc7 Rec8 20. Rxc8+ Rxc8 21. Ng5 h6 22. Bxf7+ Kh8 23. Ne6 Bxe4 24. Nxg7 Kxg7 25. Bb3 Bc2 26. Rc1 d3 27. Bf4 g5 28. Be3 a5 29. Kf1 Nf6 30. Ke1 a4 31. Bxa4 Nd5 32. Bd4+ Kg6 33. Kd2 Nb4 34. Bxc2 1-0

[Event "Sunningdale e2e4 op"]
[Site "Ascot"]
[Date "2013.05.25"]
[Round "2"]
[White "Bridge, Neil A"]
[Black "Kalaiyalahan, Akshaya"]
[Result "1-0"]
[WhiteElo "2075"]
[BlackElo "1872"]
[PlyCount "69"]
[EventDate "2013.05.24"]
[EventType "swiss"]
[EventRounds "7"]
[EventCountry "ENG"]
[SourceTitle "CBM 154 Extra"]
[Source "ChessBase"]
[SourceDate "2013.06.25"]
[SourceVersion "2"]
[SourceVersionDate "2013.06.25"]
[SourceQuality "1"]

1. d4 Nf6 2. c4 g6 3. Nc3 Bg7 4. e4 d6 5. Nf3 0-0 6. h3 e5 7. d5 Na6 8. Bg5 h6 9. Be3 Nh5 10. Nd2 Qe8 11. Nb3 f5 12. c5 f4 13. Bd2 Nxc5 14. Nxc5 dxc5 15. Nb5 Qe7 16. a4 a6 17. Na3 Kh7 18. a5 Bd7 19. Nc4 f3 20. g3 Qf7 21. Be3 Bb5 22. Bxc5 Rfd8 23. Ra3 Bxc4 24. Bxc4 b6 25. Rxf3 Qd7 26. axb6 cxb6 27. Bxb6 Rdb8 28. Ba5 Rxb2 29. Bc3 Rb6 30. Qa1 Rc8 31. Be2 Nf6 32. Rxf6 Bxf6 33. Bg4 Rcb8 34. Bxd7 Rb1+ 35. Ke2 1-0

[Event "BCF-chT3 1112 (4NCL)"]
[Site "England"]
[Date "2012.04.01"]
[Round "8.23"]
[White "Bridge, Neil A"]
[Black "Simons, Martin J"]
[Result "0-1"]
[WhiteElo "2079"]
[BlackElo "2152"]
[PlyCount "98"]
[EventDate "2011.11.12"]
[EventType "team-swiss"]
[EventRounds "11"]
[EventCountry "ENG"]
[SourceTitle "EXT 2013"]
[Source "ChessBase"]
[SourceDate "2012.11.22"]
[SourceVersion "1"]
[SourceVersionDate "2012.11.22"]
[SourceQuality "1"]
[WhiteTeam "AMCA Rhinos"]
[BlackTeam "Wessex"]
[WhiteTeamCountry "ENG"]
[BlackTeamCountry "ENG"]

1. d4 Nf6 2. c4 c5 3. d5 b5 4. cxb5 a6 5. bxa6 Bxa6 6. Nc3 g6 7. Nf3 Bg7 8. g3 d6 9. Bg2 0-0 10. 0-0 Nbd7 11. Rb1 Qa5 12. Qc2 Rfb8 13. b3 Ne8 14. Bd2 Qa3 15. Bc1 Qa5 16. Bd2 Qa3 17. Rfd1 Nc7 18. Bc1 Qa5 19. Na4 Bb5 20. Bd2 Qa6 21. Nc3 Qa3 22. Bc1 Qa5 23. Bd2 Qa3 24. Qe4 Bf6 25. Ng5 Qb4 26. a4 Qxe4 27. Ngxe4 Bxc3 28. Nxc3 Ba6 29. Bg5 Kf8 30. Be4 Rb4 31. Bd3 Bxd3 32. Rxd3 Rab8 33. Re3 f6 34. Bh6+ Kf7 35. Ra1 Rxb3 36. a5 Ne5 37. Nd1 Rb1 38. Rea3 Nc4 39. R3a2 g5 40. Kg2 Rxa1 41. Rxa1 Kg6 42. Ra4 Ne5 43. f4 Nf7 44. Ne3 Nxh6 45. Re4 Kf7 46. fxg5 fxg5 47. h4 Rb4 48. Nc4 Nf5 49. Kf2 h6 0-1

[Event "Sunningdale e2e4 Challengers-G"]
[Site "Sunningdale"]
[Date "2011.08.12"]
[Round "4"]
[White "Kane, Robert"]
[Black "Bridge, Neil A"]
[Result "0-1"]
[WhiteElo "1892"]
[BlackElo "2055"]
[PlyCount "146"]
[EventDate "2011.08.10"]
[EventType "tourn"]
[EventRounds "9"]
[EventCountry "ENG"]
[SourceTitle "CBM 144 Extra"]
[Source "ChessBase"]
[SourceDate "2011.10.28"]
[SourceVersion "1"]
[SourceVersionDate "2011.10.28"]
[SourceQuality "1"]

1. d4 Nf6 2. Nf3 e6 3. e3 b6 4. Bd3 Bb7 5. c4 d5 6. 0-0 Bd6 7. Nc3 0-0 8. Ne5 c5 9. Nb5 Be7 10. b3 Nc6 11. Nxc6 Bxc6 12. Bb2 a6 13. Nc3 Qd7 14. Qe2 Qb7 15. cxd5 exd5 16. Rac1 c4 17. Bf5 b5 18. bxc4 bxc4 19. Rb1 Qc7 20. e4 g6 21. Bh3 dxe4 22. Qxc4 Bd6 23. Rfd1 e3 24. Qe2 exf2+ 25. Qxf2 Bxh2+ 26. Kh1 Nh5 27. Ne2 Rae8 28. Rd3 Rxe2 29. Qxe2 Bb5 30. Qf3 Bxd3 31. Qxd3 Nf4 32. Qc3 Nxh3 33. Qxc7 Bxc7 34. gxh3 Rb8 35. Rc1 Rxb2 36. Rxc7 Rxa2 37. d5 Rd2 38. Ra7 Rxd5 39. Rxa6 Rd2 40. Kg1 Kg7 41. Rc6 h5 42. Rb6 h4 43. Rb4 g5 44. Rb6 f6 45. Rb7+ Kg6 46. Rb5 Rd3 47. Kg2 Rg3+ 48. Kh2 f5 49. Rb6+ Kf7 50. Rb7+ Ke6 51. Rb6+ Kd7 52. Rb7+ Kd6 53. Rb6+ Kc5 54. Re6 Kd4 55. Re7 Re3 56. Rg7 Rg3 57. Re7 Kd5 58. Re8 Kd6 59. Re1 f4 60. Re2 Kd5 61. Re8 Kd4 62. Re7 Re3 63. Rg7 Re5 64. Ra7 Ke4 65. Kg2 Rd5 66. Ra4+ Kf5 67. Ra2 g4 68. hxg4+ Kxg4 69. Rb2 Rd3 70. Ra2 Rg3+ 71. Kh2 Rh3+ 72. Kg1 Rb3 73. Rg2+ Rg3 0-1

[Event "BCF-chT2 1011 (4NCL)"]
[Site "England"]
[Date "2011.03.26"]
[Round "7.76"]
[White "Dilleigh, Stephen P"]
[Black "Bridge, Neil A"]
[Result "1-0"]
[WhiteElo "2098"]
[BlackElo "2114"]
[PlyCount "55"]
[EventDate "2010.11.06"]
[EventType "team-swiss"]
[EventRounds "11"]
[EventCountry "ENG"]
[SourceTitle "EXT 2012"]
[Source "ChessBase"]
[SourceDate "2011.11.24"]
[SourceVersion "1"]
[SourceVersionDate "2011.11.24"]
[SourceQuality "1"]
[WhiteTeam "Bristol"]
[BlackTeam "AMCA Dragons"]
[WhiteTeamCountry "ENG"]
[BlackTeamCountry "ENG"]

1. d4 Nf6 2. c4 e6 3. Nc3 Bb4 4. e3 b6 5. Nge2 c5 6. a3 Ba5 7. Rb1 Na6 8. Ng3 Bb7 9. f3 0-0 10. Bd2 Qe7 11. Bd3 cxd4 12. exd4 Bxc3 13. bxc3 d6 14. 0-0 Qd7 15. f4 Rac8 16. Qe2 Nb8 17. f5 d5 18. Bg5 Ne4 19. Nxe4 dxe4 20. Bxe4 Bxe4 21. Qxe4 exf5 22. Rxf5 Rxc4 23. Rf3 Nc6 24. Re1 Qd6 25. Bf6 h6 26. Qg4 g6 27. Qh4 h5 28. Qg5 1-0

[Event "BCF-chT2 1011 (4NCL)"]
[Site "England"]
[Date "2011.02.19"]
[Round "5.76"]
[White "Bridge, Neil A"]
[Black "Walton, Alan J"]
[Result "1/2-1/2"]
[WhiteElo "2114"]
[BlackElo "2175"]
[PlyCount "115"]
[EventDate "2010.11.06"]
[EventType "team-swiss"]
[EventRounds "11"]
[EventCountry "ENG"]
[SourceTitle "EXT 2012"]
[Source "ChessBase"]
[SourceDate "2011.11.24"]
[SourceVersion "1"]
[SourceVersionDate "2011.11.24"]
[SourceQuality "1"]
[WhiteTeam "AMCA Dragons"]
[BlackTeam "3CS Oldham"]
[WhiteTeamCountry "ENG"]
[BlackTeamCountry "ENG"]

1. d4 d5 2. c4 e6 3. Nc3 c6 4. e3 Nf6 5. Nf3 Be7 6. Qc2 Nbd7 7. Bd3 0-0 8. 0-0 Re8 9. b3 c5 10. cxd5 exd5 11. Bb2 cxd4 12. exd4 Bd6 13. Rfe1 Rxe1+ 14. Rxe1 Nf8 15. Ne5 Be6 16. Rc1 Rc8 17. Qd1 Bxe5 18. dxe5 Ng4 19. Be2 Nxe5 20. Nb5 Rxc1 21. Qxc1 Nc6 22. Qc3 f6 23. a3 a6 24. Nd4 Nxd4 25. Qxd4 Ng6 26. f4 Qd6 27. g3 Ne7 28. Qf2 Nc6 29. Bd3 Na5 30. b4 Nc4 31. Bc1 Qc6 32. Qd4 Nd6 33. Bb2 Bf5 34. Bf1 Be4 35. Bc3 Nf5 36. Qc5 Qxc5+ 37. bxc5 Ne7 38. Kf2 Kf7 39. Bh3 Bf5 40. Bg2 Ke6 41. Ke3 Kd7 42. h3 h5 43. Bf3 Bxh3 44. Bxh5 Be6 45. Bf3 Nf5+ 46. Kf2 Kc6 47. g4 Ne7 48. Ke3 Kb5 49. Bb4 Nc8 50. Kd4 Kc6 51. Bd1 Na7 52. Ba4+ Kc7 53. Ba5+ Kc8 54. Bb6 Nc6+ 55. Bxc6 bxc6 56. g5 Kd7 57. a4 Bh3 58. a5 1/2-1/2

[Event "BCF-chT2 1011 (4NCL)"]
[Site "England"]
[Date "2010.11.06"]
[Round "1.76"]
[White "Bridge, Neil A"]
[Black "De Coverly, Roger D"]
[Result "1/2-1/2"]
[WhiteElo "2114"]
[BlackElo "2082"]
[PlyCount "74"]
[EventDate "2010.11.06"]
[EventType "team-swiss"]
[EventRounds "11"]
[EventCountry "ENG"]
[SourceTitle "EXT 2012"]
[Source "ChessBase"]
[SourceDate "2011.11.24"]
[SourceVersion "1"]
[SourceVersionDate "2011.11.24"]
[SourceQuality "1"]
[WhiteTeam "AMCA Dragons"]
[BlackTeam "Wessex"]
[WhiteTeamCountry "ENG"]
[BlackTeamCountry "ENG"]

1. d4 Nf6 2. c4 e6 3. g3 d5 4. Nf3 Be7 5. Bg2 0-0 6. 0-0 dxc4 7. Qc2 a6 8. Qxc4 b5 9. Qc2 Bb7 10. Bf4 Nd5 11. Rc1 Nc6 12. Bd2 Rc8 13. a3 Ba8 14. h4 Nf6 15. e3 Nb8 16. Ba5 Qe8 17. Qd1 c5 18. dxc5 Rxc5 19. Nbd2 Rxc1 20. Rxc1 Nc6 21. Bb6 Qb8 22. Bc5 Rc8 23. Nb3 h6 24. Bxe7 Nxe7 25. Rxc8+ Qxc8 26. Nfd4 Bxg2 27. Kxg2 Qd7 28. Qf3 e5 29. Qa8+ Kh7 30. Nf3 Qd1 31. Nfd2 Qe2 32. Qf3 Qd3 33. e4 Qd7 34. Qc3 Ng6 35. Qf3 Ne7 36. Qe3 Ng6 37. Qf3 Ne7 1/2-1/2